Analysis of the labor market in Tomsk and Tomsk region; Journal of Economics and Social Sciences; № 12
| Parent link: | Journal of Economics and Social Sciences: electronic scientific journal.— , 2012-.— 2312-2978 № 12.— 2018.— [4 p.] |
|---|---|
| Egile nagusia: | |
| Erakunde egilea: | |
| Gaia: | Title screen After graduation some people can find a job, but some people can’t find it for a long time. Problems with finding a jobare important for employers and employees. This paper examines an issue of overwhelming importance in Tomsk andTomsk region - unemployment of recent graduates and gives analysis of labor market of Tomsk and Tomsk region.The results of this work show that skilled workers have a higher chance to get a job than the people with highereducation. The results of analysis and advices, which were given in this paper, will help the authorities to solveproblems of labour market in Tomsk and Tomsk region. |
| Hizkuntza: | ingelesa |
| Argitaratua: |
2018
|
| Saila: | Экономические науки |
| Gaiak: | |
| Sarrera elektronikoa: | http://earchive.tpu.ru/handle/11683/49530 |
| Formatua: | Baliabide elektronikoa Liburu kapitulua |
| KOHA link: | https://koha.lib.tpu.ru/cgi-bin/koha/opac-detail.pl?biblionumber=578255 |
MARC
| LEADER | 00000naa2a2200000 4500 | ||
|---|---|---|---|
| 001 | 578255 | ||
| 005 | 20231101130437.0 | ||
| 035 | |a (RuTPU)RU\TPU\prd\277808 | ||
| 035 | |a RU\TPU\prd\277807 | ||
| 090 | |a 578255 | ||
| 100 | |a 20180620a2018 k y0rusy50 ba | ||
| 101 | 0 | |a eng | |
| 102 | |a RU | ||
| 135 | |a drcn ---uucaa | ||
| 181 | 0 | |a i | |
| 182 | 0 | |a b | |
| 200 | 1 | |a Analysis of the labor market in Tomsk and Tomsk region |f A. Fominskiy | |
| 203 | |a Text |c electronic | ||
| 215 | |a 1 файл (155 Кб) | ||
| 225 | 1 | |a Экономические науки | |
| 230 | |a Электронные текстовые данные (1 файл : 155 Кб) | ||
| 300 | |a Title screen | ||
| 320 | |a [References: 8 tit.] | ||
| 330 | |a After graduation some people can find a job, but some people can’t find it for a long time. Problems with finding a jobare important for employers and employees. This paper examines an issue of overwhelming importance in Tomsk andTomsk region - unemployment of recent graduates and gives analysis of labor market of Tomsk and Tomsk region.The results of this work show that skilled workers have a higher chance to get a job than the people with highereducation. The results of analysis and advices, which were given in this paper, will help the authorities to solveproblems of labour market in Tomsk and Tomsk region. | ||
| 461 | 1 | |0 (RuTPU)RU\TPU\prd\225573 |x 2312-2978 |t Journal of Economics and Social Sciences |o electronic scientific journal |d 2012- | |
| 463 | 1 | |0 (RuTPU)RU\TPU\prd\277806 |t № 12 |v [4 p.] |d 2018 | |
| 610 | 1 | |a труды учёных ТПУ | |
| 610 | 1 | |a электронный ресурс | |
| 610 | 1 | |a labor market | |
| 610 | 1 | |a unemployment | |
| 610 | 1 | |a subsistence minimum | |
| 610 | 1 | |a demand | |
| 610 | 1 | |a рынок труда | |
| 610 | 1 | |a безработица | |
| 610 | 1 | |a прожиточный минимум | |
| 700 | 1 | |a Fominskiy |b A. |g Alexander | |
| 712 | 0 | 2 | |a National Research Tomsk Polytechnic University (TPU) |2 stltpush |3 (RuTPU)RU\TPU\col\18773 |
| 801 | 1 | |a RU |b 63413507 |c 20090623 |g PSBO | |
| 801 | 2 | |a RU |b 63413507 |c 20180718 |g PSBO | |
| 856 | 4 | |u http://earchive.tpu.ru/handle/11683/49530 | |
| 942 | |c BK | ||